Bližajšije perspektivy akcionirovanija ekonomiki SSSR.

Účastinné spoločnosti a spoločnosti s ručením obmedzeným v ZSSR. Účastinná forma vlastníctva. Právne predpoklady premeny podnikov na účastinné spoločnosti (teória a prax). Funkcie účastinného vlastníctva (finančná, kontrolná, organizačná). Algoritmy premeny podnikov na účastinnú spoločnosť. Účastiny...

Full description

Saved in:
Bibliographic Details
Main Author: Ševcov, A.V
Format: Book Chapter
Language:Russian
Subjects:
Tags: Add Tag
No Tags, Be the first to tag this record!

MARC

LEADER 00000naa a2200000 4500
001 r002829
005 20220818104618.1
041 0 |a rus 
044 |a [SU] 
245 1 0 |a Bližajšije perspektivy akcionirovanija ekonomiki SSSR.  |c A.V. Ševcov 
520 |a Účastinné spoločnosti a spoločnosti s ručením obmedzeným v ZSSR. Účastinná forma vlastníctva. Právne predpoklady premeny podnikov na účastinné spoločnosti (teória a prax). Funkcie účastinného vlastníctva (finančná, kontrolná, organizačná). Algoritmy premeny podnikov na účastinnú spoločnosť. Účastiny a fiktívny kapitál. 
610 2 0 |a spoločnosti akciové 
610 2 0 |a spoločnosti obchodné 
610 2 0 |a akcie 
610 2 0 |a vlastníctvo 
610 2 0 |a kapitál fiktívny 
610 2 0 |a podnik štátny 
610 2 0 |a papiere cenné 
610 2 0 |a účtovníctvo 
610 2 0 |a ZSSR 
100 1 |a Ševcov, A.V.